Statistics for Jetpunk Badges Quiz

Click here to take the quiz!

General Stats

  • This quiz has been taken 267 times
    (88 since last reset)
  • The average score is 11 of 29

Answer Stats

% Correct
USA
74%
German
64%
196
58%
China
53%
Random Geography
51%
Music
51%
History
49%
Movie Maven
47%
Island
47%
Welcome
43%
Flag
43%
Language
42%
France
41%
Border
39%
Cities
39%
Puzzle
38%
Italy
36%
Math Wizard
35%
Video Games
32%
British
32%
Picture
31%
Words
31%
Spain
28%
Satellite
28%
One Minute
28%
Scientist
26%
World Capitals
18%
Population
18%
Country Trivia
15%

Score Distribution

Percentile by Number Answered

Percent of People with Each Score

Your Score History

You have not taken this quiz since the last reset